Statistics for NBA Southeast Division Winners since 2005

Click here to take the quiz!

General Stats

  • This quiz has been taken 35 times
    (4 since last reset)
  • The average score is 19 of 20

Answer Stats

YearSoutheast Division winnerRecord% Correct
2014-15Atlanta Hawks60-22
100%
2020-21Atlanta Hawks41-31
100%
2004-05Miami Heat59-23
100%
2005-06Miami Heat52-30
100%
2006-07Miami Heat44-38
100%
2010-11Miami Heat58-24
100%
2011-12Miami Heat46-20
100%
2012-13Miami Heat66-16
100%
2022-23Miami Heat44-38
100%
2013-14Miami Heat54-28
100%
2015-16Miami Heat48-34
100%
2017-18Miami Heat44-38
100%
2019-20Miami Heat44-29
100%
2021-22Miami Heat53-29
100%
2018-19Orlando Magic42-40
100%
2009-10Orlando Magic59-23
100%
2007-08Orlando Magic52-30
100%
2023-24Orlando Magic47-35
100%
2008-09Orlando Magic59-23
75%
2016-17Washington Wizards49-33
50%

Score Distribution

Percentile by Number Answered

Percent of People with Each Score

Your Score History

You have not taken this quiz since the last reset